000 00761nam a2200217Ii 4500
003 JO-AjNU
008 230605s9999||||xx |||||||||||||| ||und||
017 _a2005/3/605
040 _aJO-AjNU
_bara
_erda
_cJO-AjNU
041 _aara
050 1 4 _aPJ7542.M3564 2005
100 3 _aالمعمري، ناجح,
_eauthor
_916490
245 0 0 _aنون القوس: قراءة في ثلاثة نصوص للشاعر عبدالله رضوان
250 _aط1
264 3 1 _aاربد: المؤلف، 2005
300 _a153ص
336 _atext
_btxt
_2rdacontent
337 _aunmediated
_bn
_2rdamedia
338 _avolume
_bnc
_2rdacarrier
650 4 _aالشعر العربي - لبشعراء العرب - النقد الادبي - التحليل الادبي
_916491
999 _aA4901
_c8469
_d8469